| 000 | 00559nam a2200169 a 4500 | ||
|---|---|---|---|
| 001 | 000031208 | ||
| 005 | 20200930062755.0 | ||
| 008 | 110614s1996 dr 000 | spa d | ||
| 040 |
_aDO-SdBNP _bspa _cBNPHU |
||
| 082 |
_axxx _bC244c |
||
| 111 | 2 |
_aCapítulo provincial _n(19 : _d16 al 20 de abril 1996 : _cRepública Dominicana) _957678 |
|
| 245 | 1 | 0 |
_aCapítulo provincial dominicano : _b16-20 de abril 1996. |
| 260 |
_aSanto Domingo : _bEdiciones MSC, _c1996. |
||
| 300 |
_a75 p. ; _c15 cm. |
||
| 710 | 2 |
_aMisioneros del Sagrado Corazón _957679 |
|
| 049 | _aBNGR | ||
| 999 |
_c30700 _d30700 |
||